000 00518nam a2200217Ia 4500
003 OSt
005 20230506122559.0
008 210423s2013 xx 000 0 und d
020 _a9788126518494
040 _cAL
041 _aeng
082 _a530.13 HUAK
_223
100 _aHUANG (Kerson).
_999391
245 _aStatistical mechanics.
250 _a2
260 _aNew Delhi
_bWiley and Sons
_c2013
300 _axiv,493
_bPB
365 _b469
_cINR
906 _amechanics. ; Statistical
942 _2ddc
_cBK
999 _c162294
_d162294